00843nam a22002057a 4500999001900000005001700019010001500036020002500051035001400076037001300090082001600103100002900119245009600148260005700244270012000301300002400421500002400445942003000469952013800499 c160599d16059920190206111744.0 aENG-124745 a9788193376102c75.00 aEN-108277 bDBAD/PUB a364.2560954 aKashena, Asojiini Rachel aEnduring Loss:bstories from the kuki-naga conflict in manipur/cby Asojiini Rachel Kashena aGuwahatibNorth eastern social research centrec2017 a2nd floor, Jagriti, Arunodoi Path, GMCH Road, Christian BastibGuwahatie781005k91-361-2340179mnesrcghy@gmail.com axii,83p.c21cm(Pbk) aincludes references 2ddccENh364.2560954mASO 001040708NFICaZLSbZLSd2019-02-06eDBAD/PUBg75.00l1o364.2560954 ASOpEN-108277r2022-08-16 00:00:00s2022-07-26t1v75.00yEN